| 000 | 00777nam a22002177a 4500 | ||
|---|---|---|---|
| 003 | OSt | ||
| 005 | 20160707182148.0 | ||
| 008 | 160707s2016 spc 000 0dspa|d | ||
| 017 |
_aDL B 11423-2016 _bBiblioteca de Catalunya |
||
| 020 | _a9788447539925 | ||
| 040 |
_bcat _cCDMR |
||
| 100 | 1 |
_aJiménez, Roger, _d1938- |
|
| 245 | 1 | 0 |
_aCien casos _b: la ética periodística en tiempos de precariedad _cRoger Jiménez ; prólogo de Manuel Legueniche |
| 260 |
_aBarcelona : _bUniversitat de Barcelona, _cDL 2016 |
||
| 300 |
_a299 p. ; _c24 cm |
||
| 490 | 1 |
_aPeriodismo activo ; _v8 |
|
| 504 | _aReferències bibliogràfiques | ||
| 650 | 0 | 7 |
_aÈtica periodística _zEspanya _yS. XXI _xEstudi de casos _2lemac _9983 |
| 700 | 1 |
_aLeguineche, Manuel _d1941-2014, _epr. _91789 |
|
| 942 | _cMON | ||
| 999 |
_c6949 _d6949 |
||